000 00389nam a2200157Ia 4500
005 20240807062423.0
008 240806s9999||||xx |||||||||||||| ||eng||
041 _aeng
082 _a301
_bSHAP
100 _aRam Nath Sharma
245 0 _aPrinciples of sociology 139 /
_cRam Nath Sharma
260 _bRajhans Prakashan Mandir Meerut
300 _a0
650 _aSociology
942 _cBK
999 _c18436
_d18436